| 000 | 00751nam a2200205 a 4500 | ||
|---|---|---|---|
| 005 | 20210223120716.0 | ||
| 008 | 991125s1990 es 000 0 spa u | ||
| 020 | _a8478690018 | ||
| 035 | _aUPN01000005895 | ||
| 049 | _aCG | ||
| 050 | 4 |
_aLB1733 _bF5 no.22 |
|
| 100 | 1 | _aRuiz Casas, María José | |
| 245 | 1 | 0 |
_aBloques lógicos : _bintroducción a la noción de conjunto : material de trabajo para el alumno / _cMaría José Ruiz Casas. |
| 260 |
_aMadrid : _bCEPE, _c[199-]. |
||
| 300 |
_a79 p. : _bil. + _e1 folleto |
||
| 440 | 0 |
_aFichas de preescolar especial ; _v22 |
|
| 500 | _aIncluye folleto introducción a la noción de conjunto ; 9 láminas para recortar | ||
| 650 | 4 |
_aCONJUNTOS - _xESTUDIO Y ENSEÑANZA (PREESCOLAR) _912239 |
|
| 905 | _aLibro | ||
| 999 |
_c5895 _d5895 |
||